| 000 | 01847nam0a2200313 4500 | ||
|---|---|---|---|
| 001 | RU\NLR\bibl\1709806 | ||
| 005 | 20260407113013.0 | ||
| 021 |
_aRU _b2010-87394 _95857 |
||
| 035 | _a(NLR Aleph) 001700842 | ||
| 090 |
_a1219354 _c1219354 |
||
| 100 | _a20101206d2010 |||y0rusy50 ca | ||
| 101 | 0 | _arus | |
| 102 | _aRU | ||
| 105 | _ay ||||||||| | ||
| 200 | 1 |
_aКлинико-функциональная диагностика инфекционных васкулитов _eметодическое письмо _fМ-во здравоохранения Астрахан. обл., Ком. по здравоохранению г. Астрахани, ГОУ ВПО "Астраханская гос. мед. акад. Росздрава", ГУЗ "Обл. инфекц. клинич. больница им. А.М. Ничоги" _g[Галимзянов Халил Мингалиевич, д.м.н., проф., Засл. врач РФ и др.] |
|
| 210 |
_aАстрахань _cИзд-во Астраханской государственной медицинской академии _d2010 |
||
| 215 |
_a31, [1] c. _d20 |
||
| 300 | _aАвт. указаны в конце кн. | ||
| 606 | 1 |
_aВаскулиты кожи при астаханской риккетсиозной лихорадке _jМетодические пособия _92623226 _3RU\NLR\auth\661559786 |
|
| 686 | _aР514.429-260я8 | ||
| 686 | _aР601.232я8 | ||
| 702 | 1 |
_4220 _7ca _8rus _aГалимзянов _bХ. М. _f1950- _gХалил Мингалиевич _991142 _3RU\NLR\auth\77108217 |
|
| 712 | 0 | 2 |
_4570 _aАстраханская государственная медицинская академия _9379154 _3RU\NLR\AUTH\889942158 |
| 801 | 0 |
_aRU _bNLR _c20101206 _gRCR |
|
| 801 | 1 |
_aRU _bNLR _c20101206 |
|
| 942 | _cBOOK | ||
| 980 | _aNB | ||
| 980 | _aNBR | ||